Представление документа в формате MARC21

Поле Инд. ПП Название Значение
Тип записи a
Библиографический уровень b
001 Контрольный номер RU/IS/BASE/109076811
005 Дата корректировки 20200630193159.8
084 a Индекс другой классификации/Индекс ББК 88.94в; 88.7
100 1_ a Автор Родионов А. В.
100 1_ a Автор Берковская М. И.
q Полное имя Берковская Марина Иосифовна
100 1_ a Автор Комаров К. Э.
q Полное имя Комаров Константин Эдуардович
100 1_ a Автор Сухоруков Н. В.
245 a Заглавие Применение средств психологической реабилитации участников локальных военных конфликтов
520 a Аннотация "В статье дан ряд методических рекомендаций для создания системы психической подготовки к служебной деятельности и психической реабилитации сотрудников спецподразделений, вовлеченных в вооруженные конфликты и другие экстремальные ситуации... Раскрыты особенности стрессовых состояний сотрудников спецподразделений и основные средства управления стрессом, регуляция "стресса ожидания".
650 a Основная рубрика методология науки
a Основная рубрика практическая психология (прикладная психология)
a Основная рубрика психокоррекция
a Основная рубрика психология
653 a Ключевые слова военные конфликты
a Ключевые слова профессиональный стресс
a Ключевые слова психический стресс
a Ключевые слова психическое здоровье
a Ключевые слова психодинамическая тревожность
a Ключевые слова психосоциальная коррекция
a Ключевые слова психосоциальная реабилитация
a Ключевые слова психотерапевтическая помощь
a Ключевые слова реабилитация военнослужащих
a Ключевые слова сотрудники спецподразделений
a Ключевые слова социальная тревожность
a Ключевые слова стресс
a Ключевые слова стресс ожидания
a Ключевые слова тревожность
a Ключевые слова управление стрессом
a Ключевые слова участники военных конфликтов
773 t Заглавие источника Вестник психосоциальной и коррекционно-реабилитационной работы
d Дата издания источника 2002
g Прочая информация № 3. - С. 29 - 43
w Контрольный № источника RU/IS/BASE/111247454
901 t Тип документа b